Ruiny Zamków w Pomorskim, Śląskim i Świętokrzyskim - Statystyki

Ogólne statystyki
  • Ten quiz został rozwiązany 14 razy
  • Średni wynik to 4 z 29
Statystyki odpowiedzi
Województwo Miejscowość % Poprawnych
Chęciny
64%
Ujazd
50%
Olsztyn
36%
Mirów
29%
Szydłów
29%
Podzamcze
21%
Świętokrzyskie Bodzentyn
14%
Ostrężnik
14%
Puck
14%
Siewierz
14%
Chudów
7%
Śląskie Mokrsko
7%
Pilica
7%
Prabuty
7%
Przewodziszowice
7%
Ruda Śląska
7%
Ryczów
7%
Smoleń
7%
Sobków
7%
Suliszowice
7%
Udórz
7%
Pomorskie Zamek Kiszewski
7%
Ćmielów
0%
Fałków
0%
Kobiernice
0%
Konary
0%
Międzygórz
0%
Ossolin
0%
Przezmark
0%
Nie znaleziono quizów pasujących do podanych kryteriów
Rozkład punktacji
Procent ludzi z każdym wynikiem
Percentyl według liczby udzielonych odpowiedzi
Twoja historia wyników
Nie rozwiązałeś tego quizu